| 000 | 00833nas a2200265 4500 | ||
|---|---|---|---|
| 001 | BR8205772 | ||
| 003 | BR-BrBNA | ||
| 005 | 20231205085305.0 | ||
| 007 | ta | ||
| 008 | 230509b bl.|||p| |||| 00| 00por d | ||
| 040 |
_aBR-BrBNA _bpor _cBiblioteca Nacional de Agricultura |
||
| 041 | _a(Pt) | ||
| 072 | _aF25 | ||
| 100 | 1 | _aAbrao, J.J.R. | |
| 100 | 1 | _aCanal, I.N. | |
| 111 | 1 |
_a1. Reuniao Estadual de Pesquisa e Assistencia Tecnica do Linho _cCruz Alta, RS (Brazil) _d27-28 Apr 1982 |
|
| 245 | 1 | _aAdubacao e calagem na cultura do linho (Linum usitatissimum L.) | |
| 650 | _aLINHO | ||
| 650 | _aFERTILIZANTE | ||
| 650 | _aCALAGEM | ||
| 650 | _aADUBACAO | ||
| 773 | 0 |
_tTrigo e Soja (Brazil) _xISSN 0100-5456 _g(Mar-Apr 1982), (no. 60) p. 7-17 _wBR8205772 |
|
| 909 |
_a202311 _bLúcia _c55 _dLúcia Elande |
||
| 942 |
_2AGRIS _n0 _cANA |
||
| 999 |
_c110513 _d110513 |
||